Dreamers and dealers

שמור ב:
מידע ביבליוגרפי
מחבר ראשי: Hirschfeld, Burt
פורמט: ספר
שפה:Undetermined
יצא לאור: New York Charter Books 1988
נושאים:
תגים: הוספת תג
אין תגיות, היה/י הראשונ/ה לתייג את הרשומה!
Thư viện lưu trữ: Trung tâm Học liệu Trường Đại học Cần Thơ
LEADER 00495nam a2200181Ia 4500
001 CTU_186513
008 210402s9999 xx 000 0 und d
082 |a 813.54 
082 |b H669 
100 |a Hirschfeld, Burt 
245 0 |a Dreamers and dealers 
245 0 |c Burt Hirschfeld 
260 |a New York 
260 |b Charter Books 
260 |c 1988 
650 |a Suspense fiction,Văn học viễn tưởng 
904 |i Qhieu 
980 |a Trung tâm Học liệu Trường Đại học Cần Thơ